<?xml version="1.0" encoding="UTF-8"?>
<record
    xmlns:xsi="http://www.w3.org/2001/XMLSchema-instance"
    xsi:schemaLocation="http://www.loc.gov/MARC21/slim http://www.loc.gov/standards/marcxml/schema/MARC21slim.xsd"
    xmlns="http://www.loc.gov/MARC21/slim">

  <leader>00812nam a22002653u 4500</leader>
  <controlfield tag="001">drd-5317712</controlfield>
  <controlfield tag="003">0</controlfield>
  <controlfield tag="005">20251217142010.0</controlfield>
  <controlfield tag="007">tu</controlfield>
  <controlfield tag="008">251217b        |||||||| |||| 00| 0 ger d</controlfield>
  <datafield tag="020" ind1=" " ind2=" ">
    <subfield code="a">9781872242453</subfield>
    <subfield code="9">978-1-872242-45-3</subfield>
  </datafield>
  <datafield tag="040" ind1=" " ind2=" ">
    <subfield code="a">RU-10907106</subfield>
    <subfield code="b">ger</subfield>
    <subfield code="c">RU-10907106</subfield>
  </datafield>
  <datafield tag="041" ind1=" " ind2=" ">
    <subfield code="a">eng</subfield>
  </datafield>
  <datafield tag="100" ind1="1" ind2=" ">
    <subfield code="a">Pirani, Simon</subfield>
    <subfield code="4">aut</subfield>
    <subfield code="e">Author</subfield>
    <subfield code="9">67298</subfield>
  </datafield>
  <datafield tag="245" ind1="1" ind2="0">
    <subfield code="a">Voices against Putins war</subfield>
    <subfield code="b">Protesters defiant speeches in Russian courts</subfield>
    <subfield code="c">Simon Pirani</subfield>
  </datafield>
  <datafield tag="264" ind1=" " ind2=" ">
    <subfield code="a">London</subfield>
    <subfield code="b">Resistance Books</subfield>
    <subfield code="c">2025</subfield>
  </datafield>
  <datafield tag="300" ind1=" " ind2=" ">
    <subfield code="a">192 Seiten</subfield>
  </datafield>
  <datafield tag="336" ind1=" " ind2=" ">
    <subfield code="a">Text</subfield>
    <subfield code="b">txt</subfield>
    <subfield code="2">rdacontent</subfield>
  </datafield>
  <datafield tag="337" ind1=" " ind2=" ">
    <subfield code="a">ohne Hilfsmittel zu benutzen</subfield>
    <subfield code="b">n</subfield>
    <subfield code="2">rdamedia</subfield>
  </datafield>
  <datafield tag="338" ind1=" " ind2=" ">
    <subfield code="a">Band</subfield>
    <subfield code="b">nc</subfield>
    <subfield code="2">rdacarrier</subfield>
  </datafield>
  <datafield tag="650" ind1=" " ind2=" ">
    <subfield code="a">Protest</subfield>
    <subfield code="9">891</subfield>
  </datafield>
  <datafield tag="650" ind1=" " ind2=" ">
    <subfield code="a">Protestreden</subfield>
    <subfield code="9">68019</subfield>
  </datafield>
  <datafield tag="651" ind1=" " ind2=" ">
    <subfield code="a">Russland</subfield>
  </datafield>
  <datafield tag="942" ind1=" " ind2=" ">
    <subfield code="c">MG</subfield>
    <subfield code="2">z</subfield>
  </datafield>
  <datafield tag="999" ind1=" " ind2=" ">
    <subfield code="c">72998</subfield>
    <subfield code="d">72998</subfield>
  </datafield>
  <datafield tag="952" ind1=" " ind2=" ">
    <subfield code="0">0</subfield>
    <subfield code="1">0</subfield>
    <subfield code="2">z</subfield>
    <subfield code="4">0</subfield>
    <subfield code="7">0</subfield>
    <subfield code="a">DHIM</subfield>
    <subfield code="b">MWFF</subfield>
    <subfield code="d">2025-10-10</subfield>
    <subfield code="i">25-00093</subfield>
    <subfield code="o">R 72 el Pir</subfield>
    <subfield code="p">75915</subfield>
    <subfield code="r">2025-10-10 12:43:00</subfield>
    <subfield code="w">2025-10-10</subfield>
    <subfield code="y">MG</subfield>
  </datafield>
</record>
